1231 1969 1812 1368 1083 1077 1450 1058 1116 1111 1915 1490 1780 1939 1426 1000 1558 1934 1091 1764 1813 1109 1081 1443 1112 1022 1359 1598 1608 1810 1576 1691 1779 1503 1926 1046 1107 1001 1324 1387 1998 1464 1921 1495 1598 1563 1115 1308 1879 1766 1078 1543 1969 1375 1989 1728 1170 1342 1254 1620 1143 1026 1436 1154 1147 1119 1732 1411 1206 1993 1548 1180 1913 1810 1361 1018 1613 1763 1381 1364 1837 1754 1144 1269 1952 1545 1982 1218 1248 1060 1458 1112 1124 1120 1793 1033 1967 1199 1952 BCNSPRNW ULIB Ver.6.0+V

เปลี่ยนเป็นภาษาไทย

Change to English
 แสดงรายละเอียดบรรณานุกรม
  กลับหน้าหลัก

Brief Record : Get Marc (ISO 2709) : E-mail record : QR code < ปิดหน้าต่าง
LEADER : 00000nam 2200000uu 4500
001    13399114352
003     ULIB
008    120323s2011||||th 000 0 eng d
020    9780521208987
050  4 PE1131^b562E
100 0  Alex Tilbury, Theresa Clementson, Leslie Anne Hendra and David Rea
245 04 English unlimited :^n B1 Pre-intermendiate coursebook^cAlex Tilbury, Theresa Clementson, Leslie Anne Hendra and David Rea
260    Cambridge:^b Cambridge press,^c2011
300    160 p:^bill,^c29 cm
650  0 English^xUsage
700 0  Theresa Clementson
700 0  Leslie Anne Hendra
700 0  David Rea
945    ^p359^l0^i18946
945    ^p359^l0^i18947
945    ^p359^l0^i18948
945    ^p359^l0^i18949
945    ^p359^l0^i18950
995    Kesorn
999 ^a ใช้งานได้ทุกระบบ
รายการนี้ยังไม่มีแท็ก
คุณยังไม่ได้ล็อกอิน คุณสามารถมีกิจกรรมร่วมกับเว็บไซต์ได้ แต่ต้องล็อกอินก่อน ::
  ล็อกอิน

รายการสื่อสารสนเทศ

ลำดับที่ ประเภท เลขเรียก/บาร์โค้ด สถานที่ สถานะ
- ไม่พบข้อมูล -

BibComment


ยังไม่เคยถูกคอมเมนท์

คอมเมนท์ทรัพยากรรายการนี้
  คอมเมนท์: English unlimited..


 Copyright 2026. Bcnsprnw @Library